|
|
|
|
| LEADER |
00000nas a2200000 a 4500 |
| 001 |
ssj0006560 |
| 003 |
WaSeSS |
| 005 |
20200512172242.0 |
| 006 |
m d |
| 007 |
cr n |
| 008 |
010206d19882006txuqr pss 0 a0eng c |
| 010 |
|
|
|a 2001213731
|
| 022 |
|
|
|a 1534-7591
|l 0894-8631
|y 0894-8631
|
| 035 |
|
|
|a (WaSeSS)ssj0006560
|
| 037 |
|
|
|b Project Muse, The Johns Hopkins University Press, 2715 N. Charles Street, Baltimore, Maryland 21211
|
| 040 |
|
|
|a JHE
|b eng
|c JHE
|d NSD
|d EYM
|d OCLCQ
|d F#A
|d MUQ
|d OCLCS
|d BUF
|d VSC
|d EYM
|d HUL
|d OCLCQ
|d MYG
|d OCLCQ
|d OCLCF
|d OCLCO
|d OCLCQ
|d WT2
|d GILDS
|d OCLCO
|d OCLCQ
|d AU@
|d VT2
|d OCLCQ
|d OCLCO
|d WaSeSS
|
| 042 |
|
|
|a nsdp
|a pcc
|
| 050 |
|
4 |
|a Z671
|
| 082 |
1 |
0 |
|a 025
|2 13
|
| 130 |
0 |
|
|a Libraries & culture (Online)
|
| 210 |
0 |
|
|a Libr. cult.
|b (Online)
|
| 222 |
|
0 |
|a Libraries & culture
|b (Online)
|
| 245 |
1 |
0 |
|a Libraries & culture
|h [electronic resource].
|
| 246 |
3 |
|
|a Libraries and culture
|
| 260 |
|
|
|a Austin, Tex. :
|b University of Texas Press,
|c ©1988-©2006.
|
| 310 |
|
|
|a Quarterly
|
| 362 |
0 |
|
|a Vol. 23, no. 1 (winter 1988)-v. 41, no. 2 (spring 2006).
|
| 500 |
|
|
|a "A journal of library history."
|
| 506 |
|
|
|a License restrictions may limit access.
|
| 588 |
|
|
|a Final issue consulted. (JSTOR, viewed June 24, 2010).
|
| 588 |
0 |
|
|a Vol. 23, no. 1 (winter 1988); title from cover (JSTOR, viewed June 24, 2010).
|
| 650 |
|
0 |
|a Libraries
|x History
|v Periodicals.
|
| 650 |
|
0 |
|a Library science
|v Periodicals.
|
| 650 |
|
6 |
|a Bibliothèques
|x Histoire
|v Périodiques.
|
| 650 |
|
6 |
|a Bibliothéconomie
|v Périodiques.
|
| 650 |
|
7 |
|a Libraries.
|2 fast
|0 (OCoLC)fst00997341
|
| 650 |
|
7 |
|a Library science.
|2 fast
|0 (OCoLC)fst00997916
|
| 655 |
|
0 |
|a Electronic journals.
|
| 776 |
0 |
8 |
|i Print version:
|t Libraries & culture
|x 0894-8631
|w (DLC) 88641577
|w (OCoLC)16275086
|
| 780 |
0 |
0 |
|t Journal of library history (Tallahassee, Fla. : 1974 : Online)
|w (DLC) 2010234701
|w (OCoLC)302292760
|
| 785 |
0 |
0 |
|t Libraries & the cultural record (Online)
|x 1932-9555
|w (DLC) 2006264636
|w (OCoLC)71353254
|
| 856 |
4 |
0 |
|z Full text available from Research Library: 04/01/2002 to Spring 2006
|u https://search.proquest.com/publication/28931
|